| 000 | 00695nam a2200241Ia 4500 | ||
|---|---|---|---|
| 999 |
_c5625 _d5625 |
||
| 001 | 30204 | ||
| 003 | GBCCL | ||
| 005 | 20241126110546.0 | ||
| 008 | 830211s1972 nbu 001 0 eng d | ||
| 020 | _a0847412911 | ||
| 035 | _a(OCoLC)09215248 | ||
| 040 |
_aBSC _cBSC _dLBB |
||
| 049 | _aLBBK | ||
| 082 |
_a225.6 _bBER |
||
| 092 | 0 |
_a225.6 _bB534, 1972 _220 |
|
| 100 | 1 |
_aBerry, Harold J., _d1934- _93079 |
|
| 245 | 1 | 0 |
_aGems from the original : _bword studies, v. 1 / _cby Harold J. Berry. |
| 260 |
_aLincoln, Neb. : _bBack to the Bible, _c1972. |
||
| 300 |
_a160 p. ; _c17 cm. |
||
| 500 | _aIncludes indexes. | ||
| 630 | 0 | 0 |
_aBible. _pN.T. _xCriticism, interpretation, etc. _92339 |
| 942 |
_2ddc _cBK |
||